Modern Control Engineering (Record no. 327795)
[ view plain ]
| 000 -LEADER | |
|---|---|
| fixed length control field | 00454nam a2200181Ia 4500 |
| 008 - FIXED-LENGTH DATA ELEMENTS--GENERAL INFORMATION | |
| fixed length control field | 230718s9999 xx 000 0 und d |
| 020 ## - INTERNATIONAL STANDARD BOOK NUMBER | |
| International Standard Book Number | 9788120340107 |
| 041 ## - LANGUAGE CODE | |
| Language code of text/sound track or separate title | eng |
| 082 ## - DEWEY DECIMAL CLASSIFICATION NUMBER | |
| Classification number | 629.8 |
| Item number | OGA |
| 100 ## - MAIN ENTRY--PERSONAL NAME | |
| Personal name | Ogata K. |
| 9 (RLIN) | 134207 |
| 245 ## - TITLE STATEMENT | |
| Title | Modern Control Engineering |
| 250 ## - EDITION STATEMENT | |
| Edition statement | 5th Ed. |
| 260 ## - PUBLICATION, DISTRIBUTION, ETC. (IMPRINT) | |
| Date of publication, distribution, etc. | 2010 |
| Name of publisher, distributor, etc. | PHI Learning Pub. |
| 300 ## - PHYSICAL DESCRIPTION | |
| Extent | 894 |
| 365 ## - TRADE PRICE | |
| Currency code | Rs. |
| Price amount | 525.00 |
| 700 ## - ADDED ENTRY--PERSONAL NAME | |
| Personal name | Ogata K. |
| 9 (RLIN) | 134207 |
| 906 ## - LOCAL DATA ELEMENT F, LDF (RLIN) | |
| d | B:358029-Apr-2011 |
| c | INST |
| b | 1575 |
| Withdrawn status | Lost status | Damaged status | Not for loan | Home library | Current library | Date acquired | Vendor | Budget Code | Cost, normal purchase price | Bill number | Total Checkouts | Full call number | Barcode | Date last seen | Date last checked out | Discount | Cost, replacement price | Bill Date | Koha item type | Original Barcode |
|---|---|---|---|---|---|---|---|---|---|---|---|---|---|---|---|---|---|---|---|---|
| Cummins College of Engineering for Women Pune | Cummins College of Engineering for Women Pune | 12/05/2011 | Om Book Stall | INST | 393.75 | 3580 | 4 | 629.8 | CCEP-BK-39002 | 20/05/2025 | 08/05/2025 | 1575 | 525.00 | 29/04/2011 | Books | 039002 |